Entrepreneurship, creativity & organization : Text, cases & readings

Enregistré dans:
Détails bibliographiques
Auteur principal: Kao, John
Format: Livre
Langue:Undetermined
Publié: New York Prentice Hall International 1989
Sujets:
Tags: Ajouter un tag
Pas de tags, Soyez le premier à ajouter un tag!
Thư viện lưu trữ: Trung tâm Học liệu Trường Đại học Cần Thơ
LEADER 00501nam a2200181Ia 4500
001 CTU_78154
008 210402s9999 xx 000 0 und d
082 |a 658.4 
082 |b K11 
100 |a Kao, John 
245 0 |a Entrepreneurship, creativity & organization : 
245 0 |b Text, cases & readings 
245 0 |c John Kao 
260 |a New York 
260 |b Prentice Hall International 
260 |c 1989 
650 |a Entrepreneurship 
980 |a Trung tâm Học liệu Trường Đại học Cần Thơ